Regionálna distribúcia vodných zdrojov a udržateľná spotreba v tranzitívnej ekonomike: prípad Ukrajiny

Dlhodobé a intenzívne využívanie prírodných zdrojov na Ukrajine spôsobilo zložitú situáciu v oblasti životného prostredia. Osobitnú pozornosť v rámci environmentálnych otázok vzbudzuje najmä problém vodných zdrojov. Analýza jednotlivých administratívnych regiónov Ukrajiny z pohľadu ekonomickej efekt...

Description complète

Enregistré dans:
Détails bibliographiques
Auteur principal: Kunychka, Mykhaylo, 1990-
Autres auteurs: Raneta, Leonid, 1982-, Braga, Denys
Format: Chapitre de livre
Langue:slovaque
Sujets:
Tags: Ajouter un tag
Pas de tags, Soyez le premier à ajouter un tag!

MARC

LEADER 00000nla a2200000 4500
001 0241222
005 20240502073927.2
041 0 |a slo 
044 |a SK 
245 1 0 |a Regionálna distribúcia vodných zdrojov a udržateľná spotreba v tranzitívnej ekonomike: prípad Ukrajiny  |c Mykhaylo Kunychka, Leonid Raneta, Denys Braga 
520 |a Dlhodobé a intenzívne využívanie prírodných zdrojov na Ukrajine spôsobilo zložitú situáciu v oblasti životného prostredia. Osobitnú pozornosť v rámci environmentálnych otázok vzbudzuje najmä problém vodných zdrojov. Analýza jednotlivých administratívnych regiónov Ukrajiny z pohľadu ekonomickej efektívnosti použitia vodných zdrojov. 
610 2 0 |a prostredie životné 
610 2 0 |a environmentalistika 
610 2 0 |a voda 
610 2 0 |a zdroje vodné 
610 2 0 |a hospodárnosť 
610 2 0 |a Ukrajina 
610 2 0 |a regióny administratívne 
100 1 |a Kunychka, Mykhaylo, 1990- 
700 1 |a Raneta, Leonid, 1982- 
700 1 |a Braga, Denys